Nad členstvím České republiky v MOP. Vůle plnit závazky.
Prijatie Českej republiky za člena Medzinárodnej organizácie práce (MOP) od 5.2.1993. Koncepcia ústavy MOP a zameranie činnosti tejto organizácie od jej založenia v r. 1919. Normatívna pôsobnosť MOP pri prijímaní dohôd a odporúčaní v oblasti práce. Počet ratifikácií týchto dohôd členskými štátmi do...
Gespeichert in:
| 1. Verfasser: | |
|---|---|
| Format: | Buchkapitel |
| Sprache: | Tschechisch |
| Schlagworte: | |
| Tags: |
Keine Tags, Fügen Sie das erste Tag hinzu!
|
MARC
| LEADER | 00000naa a2200000 4500 | ||
|---|---|---|---|
| 001 | r013253 | ||
| 005 | 20221205080428.6 | ||
| 041 | 0 | |a cze | |
| 044 | |a CZ | ||
| 245 | 1 | 0 | |a Nad členstvím České republiky v MOP. |b Vůle plnit závazky. |c Miroslav Fuchs |
| 520 | |a Prijatie Českej republiky za člena Medzinárodnej organizácie práce (MOP) od 5.2.1993. Koncepcia ústavy MOP a zameranie činnosti tejto organizácie od jej založenia v r. 1919. Normatívna pôsobnosť MOP pri prijímaní dohôd a odporúčaní v oblasti práce. Počet ratifikácií týchto dohôd členskými štátmi do 1.1.1992. Česká republika a MOP. | ||
| 610 | 2 | 0 | |a MOP |
| 610 | 2 | 0 | |a Čechy |
| 610 | 2 | 0 | |a organizácie ekonomické medzinárodné |
| 610 | 2 | 0 | |a práca |
| 100 | 1 | |a Fuchs, Miroslav | |